Matemática 8vo. egb : guía de actividades /
Guardado en:
| Autor Principal: | |
|---|---|
| Formato: | Libro |
| Publicado: |
México :
Harla,
1998
|
| Series: | Con Vivencias Hoy
|
| Materias: | |
| Etiquetas: |
Agregar Etiqueta
Sin Etiquetas, Sea el primero en etiquetar este registro!
|
| LEADER | 01031nam a22002415a 4500 | ||
|---|---|---|---|
| 001 | CEM.cems010465 | ||
| 005 | 20080515125047.0 | ||
| 008 | 130507s1998##################000#0#####d | ||
| 003 | CEMS | ||
| 020 | |a 9706131981 | ||
| 082 | 0 | 4 | |a 510 |
| 100 | 1 | |a Ledesma de Fea, Estela | |
| 245 | 1 | 0 | |a Matemática 8vo. egb : |b guía de actividades / |c Estela Ledesma de Fea |
| 260 | |a México : |b Harla, |c 1998 | ||
| 300 | |a 32 p. | ||
| 490 | 0 | |a Con Vivencias Hoy | |
| 505 | 0 | |a Números racionales, figuras y movimientos -- Números racionales y polígonos -- Números racionales y cuerpos geométricos -- Funciones -- Volúmenes -- Proporcionalidad -- Conjuntos numéricos -- Combinatoria -- Actividades integradoras | |
| 653 | |a Matemática | ||
| 653 | |a Matemática-egb | ||
| 653 | |a Matemática-actividades | ||
| 859 | |a CEMS |b BIB. CEMS - 11 de abril |h 510 |i L449-1 |p 20784.00 |t Ej.1 |v 8º |3 8º | ||
| 859 | |a CEMS |b BIB. CEMS - 11 de abril |h 510 |i L449-1 |p 20785.00 |t Ej.3 |v 8º |3 8º | ||
| 859 | |a CEMS |b BIB. CEMS - 11 de abril |h 510 |i L449-1 |p 20786.00 |t Ej.2 |v 8º |3 8º | ||
